Ligne 11 du Tramway Francilien - Statistiques

Statistiques générales
  • Ce quiz a été pris 62 fois
  • Le résultat moyen est 6 sur 7
Statistiques - réponses
n gares correspondances % Correct
1 Epinay-sur-Seine T 8RER C
98%
7 Le Bourget RER B
93%
4 Pierrefitte - Stains RER D
88%
6 Dugny - La Courneuve
86%
2 Epinay - Villetaneuse Transilien H
86%
3 Villetaneuse-Université T 8
83%
5 Stains-La Cerisaie
74%
Aucun quiz correspondant
Distribution des résultats
% des personnes avec chaque résultat
Percentile par nombre de réponses
Votre historique - résultats
Vous n’avez pas pris ce quiz